Представление документа в формате MARC21

Поле Инд. ПП Название Значение
Тип записи a
Библиографический уровень m
001 Контрольный номер RU/LIBMSTU/310211472
005 Дата корректировки 20200528100346.9
008 Кодируемые данные 091030|||||||||ru |||||||||||000|||rus||
020 a ISBN 978-5-7567-0505-8
c Цена, тираж 212-50
040 b Код языка каталог. rus
041 0_ a Код языка текста rus
084 a Индекс другой классификации/Индекс ББК 76.0
090 a Полочн. индекс 76
x Авторский знак П 78
245 10 a Заглавие Проблематика СМИ. Информационная повестка дня
b Продолж. заглавия учебное пособие для вузов
c Ответственность [Г. С. Вычуб и др.] ; под ред. М. В. Шкондина, Г. С. Вычуба, Т. И. Фроловой
260 a Место издания Москва
b Издательство Аспект Пресс
c Дата издания 2008
300 a Объем 315, [1] с.
500 a Примечание Авт. указаны на обороте тит. л.
504 a Библиография Библиогр. в конце гл.
650 04 a Основная рубрика Средства массовой информации-СМИ-Проблематика-Учебные издания для высших учебных заведений
653 0_ a Ключевые слова Глобализация
a Ключевые слова Журналистика
a Ключевые слова Процессы миграционные
a Ключевые слова Средства массовой информации
a Ключевые слова Экология
700 12 a Другие авторы Вычуб Г. С.
e Роль лиц авт.
700 1_ a Другие авторы Шкондин М. В.
e Роль лиц ред.
901 t Тип документа m
952 c Вид литературы учебное пособие